| 000 | 00429nam a22001577a 4500 | ||
|---|---|---|---|
| 005 | 20251108172256.0 | ||
| 008 | 250721s1999 xx 000 0 ara d | ||
| 082 | 1 | 4 | _a658.4034/باق |
| 100 | 1 | _aباقية، أنعام | |
| 245 | 1 | 0 | _aبحوث العمليات / |
| 264 | 1 |
_aعمان : _bدار وائل للنشر، _c1999. |
|
| 300 | _a440ص | ||
| 650 | 1 | 7 | _aبحوث العمليات |
| 942 |
_2ddc _cBK |
||
| 999 |
_c74876 _d74876 |
||